| 000 | 00931ctc a22002175a 4500 | ||
|---|---|---|---|
| 001 | L143121 | ||
| 008 | 080409i19381949xxk eng u | ||
| 035 | _a(Sirsi) u143121 | ||
| 041 | _aeng | ||
| 245 | 0 | 1 |
_a[Grant of arms to the National Association of Auctioneers, House Agents, Rating Surveyors and Valuers Limited (NAAHARSV) and agreement confirming the amalgamation of the NAAHARSV with the Valuers' Institution Limited] _h[manuscript] |
| 260 | _c1938 and 1949 | ||
| 300 |
_a2 sheets _bcol. ill., framed _c55 x 59 cm. |
||
| 340 | _aManuscript | ||
| 351 | _cFonds | ||
| 500 | _aThe manuscripts are mounted back-to-back in a heavy wooden frame. The Grant of Arms has three seals attached. | ||
| 610 | 2 | 4 |
_aNational Association of Auctioneers, House Agents, Rating Surveyors and Valuers _94989 |
| 610 | 2 | 4 | _aValuers' Institution |
| 651 |
_aUnited Kingdom _y |
||
| 690 | _aABOUT RICS-RELATED ORGANISATIONS | ||
| 942 | _n0 | ||
| 999 |
_c116790 _d116790 |
||